Diccionario enciclopédico de veterinaria / (Record no. 104507)

MARC details
000 -LEADER
campo de control de longitud fija 00839nam a2200217 i 4500
001 - NÚMERO DE CONTROL
campo de control 104507
003 - IDENTIFICADOR DE NÚMERO DE CONTROL
campo de control ES-MaACL
005 - FECHA Y HORA DE LA ÚLTIMA TRANSACCIÓN
campo de control 20230906183625.0
007 - CAMPO FIJO DE DESCRIPCIÓN FÍSICA--INFORMACIÓN GENERAL
campo de control de longitud fija t|
008 - DATOS DE LONGITUD FIJA--INFORMACIÓN GENERAL
campo de control de longitud fija 051130s1962 sp ||||1| spa d
080 ## - NÚMERO DE LA CLASIFICACIÓN DECIMAL UNIVERSAL
Número de la Clasificación Decimal Universal 619(038)
100 1# - ENTRADA PRINCIPAL--NOMBRE DE PERSONA
Nombre de persona Miller, William Christopher.
9 (RLIN) 81235
245 10 - MENCIÓN DEL TÍTULO
Título Diccionario enciclopédico de veterinaria /
Mención de responsabilidad, etc. por William C. Miller... y Geoffrey P. West ; [versión de la 4ª edición inglesa por el Dr. José Lahoz de Ibarrondo ; revisada por D. José Antonio Romagosa Vila].
260 ## - PUBLICACIÓN, DISTRIBUCIÓN, ETC.
Lugar de publicación, distribución, etc. Barcelona :
Nombre del editor, distribuidor, etc. Corona,
Fecha de publicación, distribución, etc. 1962.
300 ## - DESCRIPCIÓN FÍSICA
Extensión 4 h., 1204 p., lám. I-XVI :
Otras características físicas il. ;
Dimensiones 22 cm.
650 #4 - PUNTO DE ACCESO ADICIONAL DE MATERIA--TÉRMINO DE MATERIA
Término de materia o nombre geográfico como elemento de entrada Veterinaria-
Subdivisión de forma Diccionarios.
9 (RLIN) 174185
700 1# - ENTRADA AGREGADA--NOMBRE PERSONAL
Nombre de persona West, Geoffrey P.
9 (RLIN) 116544
700 1# - ENTRADA AGREGADA--NOMBRE PERSONAL
Nombre de persona Lahoz de Ibarrondo, José.
9 (RLIN) 69653
700 1# - ENTRADA AGREGADA--NOMBRE PERSONAL
Nombre de persona Romagosa Vila, José Antonio.
9 (RLIN) 99203
852 4# - LOCALIZACIÓN
Ubicación ES-MaACL
Número de control de estantería C-22197
Holdings
Estatus retirado Estado de pérdida Estado de daño No para préstamo Colección Biblioteca de origen Biblioteca actual Ubicación en estantería Fecha de adquisición Fuente de adquisición Total de préstamos Signatura topográfica completa Código de barras Visto por última vez Precio de reemplazo Tipo de ítem Koha
        Colección de referencia Biblioteca del Ateneo de Madrid Biblioteca del Ateneo de Madrid Galería 17/01/2008     C-22197 1109112 23/02/2023 23/02/2023 Libro impreso